Postmodernity : (Record no. 10642)
[ view plain ]
| 000 -LEADER | |
|---|---|
| fixed length control field | 01502cam a2200373 i 4500 |
| 001 - CONTROL NUMBER | |
| control field | 21331787 |
| 003 - CONTROL NUMBER IDENTIFIER | |
| control field | GBCCL |
| 005 - DATE AND TIME OF LATEST TRANSACTION | |
| control field | 20250224140607.0 |
| 008 - FIXED-LENGTH DATA ELEMENTS--GENERAL INFORMATION | |
| fixed length control field | 191210s2019 ii b 000 0 eng |
| 020 ## - INTERNATIONAL STANDARD BOOK NUMBER | |
| International Standard Book Number | 9789351483618 |
| Qualifying information | (paperback) |
| 020 ## - INTERNATIONAL STANDARD BOOK NUMBER | |
| International Standard Book Number | 9351483614 |
| 025 ## - OVERSEAS ACQUISITION NUMBER | |
| Overseas acquisition number | I-E-2019346786 ; 13-90 ; 03 ; 05 |
| 037 ## - SOURCE OF ACQUISITION | |
| Source of stock number/acquisition | Library of Congress -- New Delhi Overseas Office |
| 040 ## - CATALOGING SOURCE | |
| Original cataloging agency | DLC |
| Language of cataloging | eng |
| Description conventions | rda |
| Transcribing agency | DLC |
| Modifying agency | DLC |
| 082 ## - DEWEY DECIMAL CLASSIFICATION NUMBER | |
| Classification number | 149.97 |
| Item number | DES 1 |
| 100 1# - MAIN ENTRY--PERSONAL NAME | |
| Personal name | Desbruslais, Cyril, |
| Dates associated with a name | 1940- |
| Relator term | author. |
| 245 10 - TITLE STATEMENT | |
| Title | Postmodernity : |
| Remainder of title | an Indian Christian philosophical appraisal / |
| Statement of responsibility, etc. | Cyril Desbruslais, SJ ; edited by Kuruvilla Pandikattu, SJ. |
| 250 ## - EDITION STATEMENT | |
| Edition statement | First edition. |
| 264 #1 - PRODUCTION, PUBLICATION, DISTRIBUTION, MANUFACTURE, AND COPYRIGHT NOTICE | |
| Place of production, publication, distribution, manufacture | Pune : |
| Name of producer, publisher, distributor, manufacturer | Jnana-Deepa Vidyapeeth & Christian World Imprints, |
| Date of production, publication, distribution, manufacture, or copyright notice | 2019. |
| 300 ## - PHYSICAL DESCRIPTION | |
| Extent | xii, 107 pages ; |
| Dimensions | 23 cm. |
| 336 ## - CONTENT TYPE | |
| Content type term | text |
| Content type code | txt |
| Source | rdacontent |
| 337 ## - MEDIA TYPE | |
| Media type term | unmediated |
| Media type code | n |
| Source | rdamedia |
| 338 ## - CARRIER TYPE | |
| Carrier type term | volume |
| Carrier type code | nc |
| Source | rdacarrier |
| 490 0# - SERIES STATEMENT | |
| Series statement | JDV philosophy series ; |
| Volume/sequential designation | 4 |
| 500 ## - GENERAL NOTE | |
| General note | "Published with the help of the Institute of Missiology - Germany"--Title page verso. |
| 504 ## - BIBLIOGRAPHY, ETC. NOTE | |
| Bibliography, etc. note | Includes bibliographical references (pages 105-107). |
| 650 #0 - SUBJECT ADDED ENTRY--TOPICAL TERM | |
| Topical term or geographic name entry element | Postmodernism. |
| 650 #0 - SUBJECT ADDED ENTRY--TOPICAL TERM | |
| Topical term or geographic name entry element | Postmodernism |
| General subdivision | Religious aspects |
| -- | Christianity. |
| 700 1# - ADDED ENTRY--PERSONAL NAME | |
| Personal name | Pandikattu, Kuruvila, |
| Relator term | editor. |
| 710 2# - ADDED ENTRY--CORPORATE NAME | |
| Corporate name or jurisdiction name as entry element | Jnana-Deepa Vidyapeeth, |
| Relator term | publisher. |
| 906 ## - LOCAL DATA ELEMENT F, LDF (RLIN) | |
| a | 7 |
| b | cbc |
| c | origode |
| d | 3 |
| e | ncip |
| f | 20 |
| g | y-gencatlg |
| 942 ## - ADDED ENTRY ELEMENTS (KOHA) | |
| Source of classification or shelving scheme | Dewey Decimal Classification |
| Koha item type | Books |
| Suppress in OPAC | No |
| Withdrawn status | Lost status | Source of classification or shelving scheme | Damaged status | Not for loan | Home library | Current Library | Shelving location | Date acquired | Source of acquisition | Total checkouts | Full call number | Barcode | Date last seen | Copy number | Price effective from | Koha item type |
|---|---|---|---|---|---|---|---|---|---|---|---|---|---|---|---|---|
| Dewey Decimal Classification | GRACE BIBLE COLLEGE | GRACE BIBLE COLLEGE | Philosophy and Religion | 2025-02-24 | CWI | 149.97 DES | 016770 | 2025-05-01 | c.1 | 2025-02-24 | Books |